000 00835cam a22002531 4500
001 ca 09000053
003 DLC
005 20260227111048.0
008 781221s1901 nyua 000 0 eng
010 _aca 09000053
035 _a(OCoLC)4481273
040 _aDLC
_cTxU-Da
_dOCoLC
_dDLC
042 _apremarc
050 0 0 _aQK1
_b.N515 no. 19
100 1 _aRydberg, Per Axel,
_d1860-1931.
245 1 4 _aThe American species of Limnorchis and Piperia, north of Mexico,
_cby Per Axel Rydberg.
260 _aNew York,
_c1901.
300 _acover-title, p. 605-643.
_billus.
_c24 cm.
490 0 _aContributions from the New York botanical garden.
_vno. 19
500 _aReprinted from the Bulletin of the Torrey botanical club 28, 25 Nov., 1901.
650 0 _aLimnorchis.
650 0 _aPiperia.
650 0 _aOrchids
_zNorth America.
999 _c13859
_d13859